|
|
|
|
| LEADER |
00661nab a2200205 i 4500 |
| 001 |
misc28134 |
| 005 |
20191108150105.0 |
| 008 |
170914s1961 hu o 0|| zxx d |
| 040 |
|
|
|a SZTE Miscellanea Repozitórium
|b hun
|
| 041 |
|
|
|a zxx
|
| 100 |
1 |
|
|a Varró Vince
|
| 245 |
1 |
2 |
|a A colitis ulcerosa néhány kérdéséhez
|h [elektronikus dokumentum] /
|c Varró Vince
|
| 260 |
|
|
|c 1961
|
| 300 |
|
|
|a 1071-1076
|
| 490 |
0 |
|
|a Kolligátum
|
| 695 |
|
|
|a Bélbetegségek, Belgyógyászat
|
| 700 |
0 |
1 |
|a Jung Ibolya
|e aut
|
| 700 |
0 |
1 |
|a Csernay László
|e aut
|
| 700 |
0 |
1 |
|a Szarvas Ferenc
|e aut
|
| 856 |
4 |
0 |
|u http://misc.bibl.u-szeged.hu/28134/1/019_009_1071-1076.pdf
|z Dokumentum-elérés
|